000 00895aam a2200265 4500
001 7877
003 Uk
005 20241121105734.0
008 241121b |||||||| |||| 00| 0 eng d
020 _a9780071361880
082 0 4 _a005.74
100 1 _aMata-Toledo, Ramon A.
245 1 0 _aFundamentals of relational databases.
264 1 _aNew York :
_bMcGraw-Hill,
_c2000.
300 _aVi, 247p. :
_bill. ;
_c30 cm.
336 _atext
_2rdacontent.
337 _acomputer
_2rdamedia.
338 _aonline resource
_2rdacarrier.
504 _aIncludes bibliographical references and index.
540 _aRestricted: Printing from this resource is governed by The Legal Deposit Libraries (Non-Print Works) Regulations (UK) and UK copyright law currently in force.
_5Uk.
650 0 _aDatabase.
650 7 _aDatabase.
_2fast.
700 1 _aCushman, Pauline K.,
_eauthor.
942 _2ddc
_cMAIN
999 _c10082
_d10083